000 02319nam a22002777a 4500
001 3635
003 FISKH
005 20250527162727.0
008 240401b cb ||||| |||| 00| 0 eng d
020 _a9789995054380
040 _aFISKH
_bkhr
_cFISKH
_dFISKH
050 _aPZ7
082 _a920
100 _aLabbé, Brigitte.
245 _a​ខ្ញុំចង់ដឹងជីវិតរបស់...អាន់ ហ្វ្រែង /
_cនិពន្ធដោយ Brigitte Labbé និង Pierre-François Dumpont-Beurier រូបភាពដោយ Jean-Pierre Joblin.
260 _aPhnom Penh :
_bSipar,
_c2010.
300 _a44 pages :
_bcolor illustrations ;
_c20 cm
520 _aមនុស្សរាប់លាននាក់នៅក្នុងលោកទាំងមូលបានអានកំណត់ហេតុលំអិត ដែលអាន់ ហ្វ្រែងបានសរសេរពីអាយុ ១៣ដល់ ១៥ឆ្នាំ។ ខ្សែរជីវិតរបស់អាន់ ហ្វ្រែង ចាប់តាំងពីវ័យកុមារភាពនៅអាឡឺម៉ង់ រហូតដល់ការចាប់ខ្លួននាងនៅពេអ៊ីបា(ហូឡង់) ដោយពួកណាស៊ី បានជួយឳ្យយើងយល់ច្បាស់ជាងមេរៀនប្រវត្តិវិទ្យានានាទៅទៀត : សម្លាប់ជនជាតិជ្វិហ្វ៦លាននាក់ គឺសម្លាប់មនុស្សជាតិម្នាក់ ភាវៈទោលមួយ អស់៦លានដង។
520 _aMillions of people around the world read the detailed diary written by Anne Frank from the age of 13 to 15. Anne Frank's life story from her childhood in Germany to her capture in Peiba (Netherlands) by the Nazis has given us a better understanding of the lessons of history: Killing 6 million Jews is killing humanity. A single being 6 million times.
650 _aរើសអើង
_xការសម្លាប់
650 _aDiscriminate
_xKilling
700 _aDumpont-Beurier, Pierre-François
_eAuthor
700 _aJoblin, Jean-Pierre
_eillustrator
942 _2ddc
_cKHB
_n0
999 _c3635
_d3635